000 00570nam a2200229Ia 4500
001 13566
003 AR-BaAGN
005 20231103121125.0
007 ta
008 211213s1881 it |||||||||||||| ||ita d
040 _dAR-BaAGN
_bspa
_aAR-BaAGN
_eaacr
100 _aLefévre, Andrea
245 1 0 _aLe meraviglie delle arti
260 _aMilán :
_bFratelli Treves,
_c1881.
300 _a2 volúmenes :
_bil.
336 _2rdacontent
_btxt
337 _2rdamedia
_bn
338 _2rdacarrier
_bnc
700 _aViárdot, Luigi
942 _n0
_cLIBRO
999 _c13566
_d13566